PHARMACEUTICS-I (Record no. 6278)

MARC details
000 -LEADER
fixed length control field 00441nam a22001817a 4500
005 - DATE AND TIME OF LATEST TRANSACTION
control field 20200518125759.0
008 - FIXED-LENGTH DATA ELEMENTS--GENERAL INFORMATION
fixed length control field 200518b xxu||||| |||| 00| 0 eng d
020 ## - INTERNATIONAL STANDARD BOOK NUMBER
ISBN 9789384875077
041 ## - LANGUAGE CODE
Language code of text/sound track or separate title eng
082 ## - DEWEY DECIMAL CLASSIFICATION NUMBER
Classification number 615.1 kER
100 ## - MAIN ENTRY--AUTHOR NAME
Personal name KERUR SHASHDHAR VIRMAN ,tARUN
245 ## - TITLE STATEMENT
Title PHARMACEUTICS-I
250 ## - EDITION STATEMENT
Edition statement 1'ST
260 ## - PUBLICATION, DISTRIBUTION, ETC. (IMPRINT)
Place of publication Modinagar UP
Name of publisher Unnati Publication
Year of publication 2017
300 ## - PHYSICAL DESCRIPTION
Number of Pages 335
650 ## - SUBJECT ADDED ENTRY--TOPICAL TERM
Topical Term Pharmacy
942 ## - ADDED ENTRY ELEMENTS (KOHA)
Koha item type Books

No items available.